[Event "Olomouc Chess Summer 2011 - Open Olomouc"]
[Site "Olomouc"]
[Date "2011.08.08"]
[Round "6.11"]
[White "Hrabal, Michal"]
[Black "Blazeka, Matej"]
[Result "0-1"]
[WhiteElo "2045"]
[BlackElo "2213"]
[PlyCount "96"]
[EventDate "2011.08.04"]

1. e4 e5 2. Nf3 Nc6 3. Bc4 Bc5 4. b4 Bxb4 5. c3 Be7 6. d4 Na5 7. Be2 exd4 8.
Qxd4 d6 9. Qxg7 Bf6 10. Qg3 Be6 11. O-O Ne7 12. Nd4 Bc4 13. Qe3 Qd7 14. Rd1
Bxe2 15. Qxe2 O-O-O 16. Na3 Bxd4 17. cxd4 f5 18. Bd2 Nac6 19. d5 Ne5 20. Rab1
fxe4 21. Qxe4 Qg4 22. f4 Rhg8 23. Rf1 Qg6 24. Rbe1 Qxe4 25. Rxe4 N5g6 26. f5
Ne5 27. Bc3 Nxd5 28. Bxe5 dxe5 29. Rxe5 c6 30. Nc4 Rdf8 31. h3 Kc7 32. Kh2 Rg5
33. g4 h5 34. Kg3 hxg4 35. hxg4 Rfg8 36. Re4 Nf6 37. Rff4 Nxe4+ 38. Rxe4 Rxf5
39. Re7+ Kb8 40. Rxb7+ Kxb7 41. Nd6+ Kb6 42. Nxf5 c5 43. Kf4 c4 44. Ne3 Kc5 45.
g5 Kd4 46. Nc2+ Kd3 47. Ne1+ Kd2 48. Nf3+ Kd1 0-1

[Event "Olomouc Chess Summer 2011 - Open Olomouc"]
[Site "Olomouc"]
[Date "2011.08.08"]
[Round "6.12"]
[White "Sikora-Lerch, Jan"]
[Black "Alfimov, Igor"]
[Result "1-0"]
[WhiteElo "2210"]
[BlackElo "1826"]
[PlyCount "37"]
[EventDate "2011.08.04"]

1. c4 e5 2. g3 f5 3. Nc3 Nf6 4. Nf3 Nc6 5. d4 exd4 6. Nxd4 Bb4 7. Bg2 O-O 8.
O-O Bxc3 9. bxc3 Qe8 10. Nxf5 Qe6 11. Ne3 Kh8 12. Nd5 Ne8 13. Ba3 d6 14. c5 Rf5
15. cxd6 cxd6 16. e4 Rf7 17. f4 Na5 18. Qa4 b6 19. Bh3 1-0

[Event "Olomouc Chess Summer 2011 - Open Olomouc"]
[Site "Olomouc"]
[Date "2011.08.08"]
[Round "6.13"]
[White "Ortoft, Kai"]
[Black "Vanek, Ladislav"]
[Result "1/2-1/2"]
[WhiteElo "2043"]
[BlackElo "2209"]
[PlyCount "32"]
[EventDate "2011.08.04"]

1. d4 Nf6 2. Nf3 e6 3. c4 Bb4+ 4. Nbd2 c5 5. a3 Bxd2+ 6. Bxd2 cxd4 7. Nxd4 Ne4
8. e3 Nc6 9. Bd3 Nxd2 10. Qxd2 Nxd4 11. exd4 O-O 12. O-O d6 13. Rfe1 f5 14. f4
Rf6 15. Re3 Bd7 16. Rae1 Qb6 1/2-1/2

[Event "Olomouc Chess Summer 2011 - Open Olomouc"]
[Site "Olomouc"]
[Date "2011.08.08"]
[Round "6.14"]
[White "Zdrazil, Tomas"]
[Black "Sochorova, Petra"]
[Result "1/2-1/2"]
[WhiteElo "2019"]
[BlackElo "2204"]
[PlyCount "95"]
[EventDate "2011.08.04"]

1. e4 e6 2. g3 d5 3. exd5 exd5 4. Bg2 Nf6 5. Ne2 Nc6 6. O-O Bf5 7. d3 Qd7 8.
Bg5 Be7 9. Nbc3 d4 10. Nb5 O-O 11. a4 h6 12. Bf4 a6 13. Na3 Rfe8 14. Nc4 Nd5
15. Ne5 Nxe5 16. Bxe5 c5 17. Re1 Bg5 18. Bxd5 Qxd5 19. Nf4 Bxf4 20. Bxf4 Bh3
21. f3 g5 22. Bd2 Rxe1+ 23. Qxe1 Qxf3 24. Qf2 Qxf2+ 25. Kxf2 Kg7 26. Re1 Kf6
27. Kf3 h5 28. Ba5 b5 29. Bb6 Rc8 30. axb5 axb5 31. Ra1 Ke5 32. Ra7 Be6 33. Rc7
Rxc7 34. Bxc7+ Kd5 35. Bd8 g4+ 36. Ke2 c4 37. Be7 Ke5 38. Bb4 Bd5 39. Bd2 Bf3+
40. Ke1 Kd5 41. Bh6 c3 42. b4 f6 43. Bf4 Ke6 44. Bb8 Kf5 45. Bc7 Bc6 46. Bb8
Be8 47. Bc7 Bf7 48. Bb8 1/2-1/2

[Event "Olomouc Chess Summer 2011 - Seniors Open"]
[Site "Olomouc (CZE), Hotel Sigma"]
[Date "2011.08.08"]
[Round "6.1"]
[White "Zoltek, Tadeusz"]
[Black "Sejkora, Vlastimil"]
[Result "0-1"]
[WhiteElo "2163"]
[BlackElo "2212"]
[PlyCount "86"]
[EventDate "2011.08.04"]

1. c4 Nf6 2. Nc3 g6 3. g3 Bg7 4. Bg2 d6 5. d3 e5 6. e4 Nc6 7. Nge2 Bg4 8. f3
Be6 9. O-O Qd7 10. Nd5 O-O 11. Be3 Nd8 12. d4 Ne8 13. b3 c6 14. Ndc3 exd4 15.
Bxd4 Bh6 16. Qd3 f5 17. Be3 Bg7 18. Rad1 Nf7 19. Qd2 Nf6 20. exf5 Bxf5 21. Nd4
Bh3 22. Nce2 Bxg2 23. Kxg2 a5 24. Nf4 Rfe8 25. Nh3 a4 26. b4 Ne5 27. Rc1 d5 28.
cxd5 Nxd5 29. Bg1 a3 30. Nb3 Rad8 31. Nc5 Qc8 32. Qc2 b5 33. Qb3 Nc4 34. Rfe1
Bc3 35. Rxe8+ Rxe8 36. Rxc3 Re2+ 37. Bf2 Rb2 38. Ng5 Rxb3 39. axb3 Qf5 40. Nce4
h6 41. Nh3 g5 42. Bd4 g4 43. Nhf2 Nce3+ 0-1

[Event "Olomouc Chess Summer 2011 - Seniors Open"]
[Site "Olomouc (CZE), Hotel Sigma"]
[Date "2011.08.08"]
[Round "6.2"]
[White "Golcman, Evgeny"]
[Black "Fiala, Jiri"]
[Result "1-0"]
[WhiteElo "2291"]
[BlackElo "2015"]
[PlyCount "93"]
[EventDate "2011.08.04"]

1. c4 c5 2. Nc3 Nc6 3. Nf3 g6 4. g3 Bg7 5. Bg2 e6 6. d3 Nge7 7. O-O O-O 8. Bd2
h6 9. a3 a6 10. Rb1 a5 11. Qc1 Kh7 12. Ne1 d6 13. b3 e5 14. Nc2 Rb8 15. b4 b6
16. Nd5 axb4 17. axb4 Be6 18. e3 Bf5 19. Rb3 Nxd5 20. Bxd5 Ne7 21. Bg2 Qd7 22.
Qb1 Nc8 23. Na3 Bh3 24. Bxh3 Qxh3 25. Qd1 Qd7 26. Qf3 f5 27. bxc5 dxc5 28. Qd5
Rd8 29. Qxd7 Rxd7 30. Rd1 Ra8 31. Kf1 Ne7 32. Bc1 e4 33. Ke2 Rad8 34. Rxb6
exd3+ 35. Kd2 g5 36. Rb5 Ng6 37. f4 gxf4 38. gxf4 Nh4 39. Rf1 Ra8 40. Rb3 Rad8
41. Nb1 Ng2 42. Ba3 Bf8 43. Nc3 Nxe3 44. Kxe3 d2 45. Nd5 Rxd5 46. cxd5 Rxd5 47.
Rb6 1-0

[Event "Olomouc Chess Summer 2011 - Seniors Open"]
[Site "Olomouc (CZE), Hotel Sigma"]
[Date "2011.08.08"]
[Round "6.3"]
[White "Komysheva, Margarita"]
[Black "Gosek, Zenon"]
[Result "0-1"]
[WhiteElo "2072"]
[BlackElo "2059"]
[PlyCount "56"]
[EventDate "2011.08.04"]

1. e4 c5 2. Nf3 d6 3. d4 cxd4 4. Nxd4 Nf6 5. Nc3 a6 6. Bg5 e6 7. f4 Be7 8. Qf3
Nbd7 9. O-O-O Qc7 10. Kb1 b5 11. g4 b4 12. Na4 Bb7 13. Bd3 Nc5 14. Nxc5 dxc5
15. Bxf6 Bxf6 16. Nxe6 fxe6 17. Bc4 O-O 18. Bxe6+ Kh8 19. Rd7 Qc6 20. Bf5 g6
21. Qh3 Bg7 22. Rg1 gxf5 23. Rxg7 Kxg7 24. gxf5+ Kh8 25. e5 Rg8 26. Re1 Qe4 27.
Rf1 Qg2 28. Qd3 c4 0-1